000 00310nam a22001337a 4500
008 171123b xxu||||| |||| 00| 0 eng d
020 _a9780471272137
041 _aeng
080 _a62
100 _a26
101 _aIM
245 _aTHE ANALYSIS AND DESIGN OF LINEAR CIRCUITS
_cTHOMAS,R.E
942 _2udc
_cBK
999 _c38408
_d38408